01166nam a2200277 a 450000500170000000800410001702000150005804100080007310000240008124500750010525000110018026000570019130000110024850001280025965300300038765300600041765300240047765300770050165300490057865300550062765300270068265300670070965300440077665300510082065300170087120240502113700.0141203t1999||||ag a f |||| 001 0 spa d a9504397980 aspa1 aArata, Armando Luis aVentilación mecánica.bPrincipios básicos /cArmando Luis Arata. a1a ed. aBuenos Aires: bCorrales Ediciones Médicas;c1999. a179 p. aArata, A. L. (1999). Ventilación mecánica. Principios básicos. (1a ed.). Buenos Aires : Corrales Ediciones Médicas. aFisiología respiratoria aIndicaciones y objetivos de la ventilación mecánica aModos ventilatorios aPrincipios básicos en la programación de la ventilación mecánica aMetodología en la ventilación mecánica aMonitoreo del paciente en ventilación mecánica aSituaciones especiales aProcedimientos generales y especiales en el paciente ventilado aRetirada de la ventilación mecánica aComplicaciones de la ventilaciñon mecánica aRespiradores